00536nam a2200157 a 450000100100000000500170001000800410002704000250006810000240009324500420011725000110015926000650017030000210023595201050025699900170036100003364120200930070416.0110902s1892 sp 000 0 spa d aDO-SdBNPbspacBNPHU1 aColl, José95911610aColón y la rábida /cJosé Coll. a2a ed. aMadrid :bImprenta y litografía de los huérfanos,c1892. a489 p. ;c19 cm. 001050718MOaGRbGRcCTd2011-09-02iLF1l0o p33641-10r2020-06-25w2020-06-25y1ZNo se presta c33132d33132